Bilecik Bilecik Bilecik Bilecik Bilecik

Kadınların insan hakları ve toplumsal cinsiyet eşitliği/ (Record no. 31433)

MARC details
000 -BAŞLIK
Sabit Uzunluktaki Kontrol Alanı 01050nam a22003257a 4500
008 - SABİT UZUNLUKTAKİ VERİ ÖGELERİ - GENEL BİLGİ
Sabit Alan 110819b2009 tu |||gr||||#||||0|tur |
040 ## - KATALOGLAMA KAYNAĞI
Özgün Kataloglama Kurumu TR-BiSEU
Kataloglama Dili tur
Çeviri Kurumu TR-BiSEU
Açıklama Kuralları rda
001 - KONTROL NUMARASI
Control Dosyası 0031521
003 - KONTROL NUMARASI KİMLİĞİ
Kontrol Alanı KOHA_MİRAKIL
005 - EN SON İŞLEM TARİHİ ve ZAMANI
Kontrol Alanı 20260207002803.0
007 - FİZİKSEL TANIM SABİT ALAN - GENEL BİLGİ
Sabit uzunluklu kontrol alanı ta
020 ## - ISBN - ULUSLARARASI STANDART KİTAP NUMARASI
Isbn 9786053780540
041 0# - DİL KODU
Metin ya da ses kaydının dil kodu tur
044 ## - YAYINLAYAN/ÜRETEN KURULUŞUN ÜLKE KODU
ISO country code tu
050 ## - SINIFLAMA ve YER NUMARASI
Sınıflama Numarası HQ1236
Yer Numarası .A23 2009
100 1# - KİŞİ ADI
Yazar Adı (Kişi adı) Acar, Feride.
245 1# - ESER ADI BİLDİRİMİ
Başlık Kadınların insan hakları ve toplumsal cinsiyet eşitliği/
Sorumluluk Bildirimi Feride Acar ; Feride Acar, Hakkı Onur Arıner.
264 #1 - ÜRERİM, YAYIN, DAĞITIM ve TELİF BİLDİRİMİ
Yayın yeri Ankara :
Yayınlayan İçişleri Bakanlığı
Yayın tarihi 2009
300 ## - FİZİKSEL TANIMLAMA
Sayfa, Cilt vb. 117 s. ;
Boyutları 28 cm.
336 ## - İÇERİK TÜRÜ
Content type term metin
Content type code txt
Source rdacontent
337 ## - MEDYA TÜRÜ
Media type term aracısız
Media type code n
Source rdamedia
338 ## - TAŞIYICI TÜRÜ
Carrier type term cilt
Carrier type code nc
Source rdacarrier
490 1# - DİZİ BİLDİRİMİ
Dizi Bildirimi İçişleri Bakanlığı ;
Cilt Numarası genel yayın no: 656
650 #0 - KONU BAŞLIĞI EK GİRİŞ - KONU TERİMİ
Konusal terim veya coğrafi ad Women's rights--Turkey.
9 (RLIN) 16273
650 #0 - KONU BAŞLIĞI EK GİRİŞ - KONU TERİMİ
Konusal terim veya coğrafi ad Kadın hakları--Türkiye.
9 (RLIN) 10333
650 #0 - KONU BAŞLIĞI EK GİRİŞ - KONU TERİMİ
Konusal terim veya coğrafi ad Human rights.
9 (RLIN) 2926
650 #0 - KONU BAŞLIĞI EK GİRİŞ - KONU TERİMİ
Konusal terim veya coğrafi ad İnsan hakları.
9 (RLIN) 2925
830 1# - SERİ EK GİRİŞİ - TEKBİÇİM ESER ADI
Tekbiçim Başlık İçişleri Bakanlığı ;
Volume number/sequential designation genel yayın no: 656
9 (RLIN) 35441
942 ## - EK GİRİŞ ÖGELERİ (KOHA)
Source of classification or shelving scheme Library of Congress Classification
Koha item type Book
Holdings
Materyal Türü Kalıcı Konum Mevcut Konum Raf Yeri Sınıflandırma Kaynağı Edinim Bilgisi Ana Konular Alt Konular Yer Numarası Demirbaş Numarası Fatura Tarihi Geri Çekilme Durumu Kayıp Durumu Hasarlı Durumu Kredi için değil Kayıt Tarih Toplam Ödünçverme Son Görülme Tarihi Son Kontrol Tarihi Genel / Bağış Notu
Book Prof. Dr. Azmi Özcan Kütüphanesi Prof. Dr. Azmi Özcan Kütüphanesi Uluğbey Salonu Library of Congress Classification Bağış SOSYAL BİLİMLER Aile, Evlilik, Kadınlar HQ1236 .A23 2009 0031521 02/02/2026         19/08/2011 5 05/12/2024 05/12/2024 Genel Bağış